LEADER 02187nam a2200397 u 4500 001 000000008110 003 CaOOAMICUS 005 20070226105046.0 008 941110m19261927fr u000 u fre u 035 $a10209615 040 $aPUL$bita 041 1 $afre$alat 100 1 $aGui, Bernard,$cvesc. di Lodève,$dc. 1261-1331.$0(OLS)http://pul/name/8096 245 10$aManuel de l'inquisiteur /$cédité et traduit par G. Mollat avec la collaboration de G. Drioux. 260 $aParis :$bH. Champion,$c1926-1927. 300 $a2 v.; ;$c19 cm 490 1 $aLes classiques de l'histoire de France au Moyen Age ;$v8-9 500 $aRiproduce il testo latino, corredato da versione francese a fronte, della parte quinta e di altri estratti dell'opera, già edita da C. Douais (1886). 504 $aBibliographie v. 1. p. lxvi-lxvii 600 14$aGui, Bernard,$cvesc. di Lodève,$dc. 1261-1331.$0(OLS)http://pul/subject/7044 650 4$aEresie ed eretici.$0(OLS)http://pul/subject/770 650 4$aManichei.$0(OLS)http://pul/subject/769 650 4$aValdesi.$0(OLS)http://pul/subject/7045 650 4$aInquisizione.$0(OLS)http://pul/subject/7046 830 4$aLes classiques de l'histoire de France au Moyen Age ;$v8-9.$0(OLS)http://pul/title/11829 850 $aPUL 852 $aPUL$W1$xDP1 Fondo Maccarrone$y58$m1502 C 39-40$j11475$nBK-PRI$b $qFondi$B11475$CPULBib$Z2$F11475 $H $81 852 $aPUL$W1$xDP1 Fondo Maccarrone$y58$m1502 C 39-40$j11475$nBK-PRI$b $qFondi$B11476$CPULBib$Z2$F11476 $H $81 852 $aPUL$W1$xDP1 Filosofia 1$y19$m612 C 34$j127242$av. 1, c. 2$qStampati$B125947$CPULBib$Z2$F125947 $H22123 $82 852 $aPUL$W1$xDP1 Filosofia 1$y19$m612 C 35$j127243$av. 2, c. 2$qStampati$B125948$CPULBib$Z2$F125948 $H22124 $82 941 1 $a1 941 1 $a8 961 $aINV: 00677-678 -- Fondo Mons. M. Maccarrone 961 $aINV: 00677-678 -- Fondo Mons. M. Maccarrone 996 $6245$aManuel de l'inquisiteur$9(OLS)http://pul/title/11828 996 $6260$aParis :$bH. Champion$9(OLS)http://pul/publisher/50984 LEADER 01576nam a2200313 u 4500 001 000000022227 003 CaOOAMICUS 005 20070226111112.0 008 950210m1915 fr achd u000 u fre u 035 $a10554453 040 $aPUL(R)$bita 100 1 $aDampierre, Jacques,$cmarquis de,$d1874-$0(OLS)http://pul/name/18904 245 12$aL'Allemagne et le droit des gens d'après les sources allemandes et les archives du gouvernement français.$pL'imperialisme /$cJacques de Dampierre. 246 30$aImperialisme 260 $aParis :$bBerger-Levrault ;$aNancy :$bLibraires-Editeurs,$c<1915- >. 300 $a :$bill. (incl. ports, facsims.), pl., diagrs. ;$c27 cm 650 4$aGuerra mondiale, 1914-1918.$0(OLS)http://pul/subject/44151 650 4$aImperialismo.$0(OLS)http://pul/subject/9186 651 4$aGermania$xStoria$y1890-1914.$0(OLS)http://pul/subject/14014 850 $aPUL 852 $aPUL$W1$xDP1 Fondo Ciprotti$y59$m1537 E 20$j31207$nBK-PRI$b $qFondi$B31207$CPULBib$Z2$F31207 $H $81 941 1 $a1 960 $aGuerra europea, 1914-1918$944151 960 $aPrima guerra mondiale$944151 961 $aINV: F. Ciprotti 996 $6245$aL'Allemagne et le droit des gens d'après les sources allemandes et les archives du gouvernement français.$pL'imperialisme$9(OLS)http://pul/title/31001 996 $6246$aImperialisme$9(OLS)http://pul/title/31002 996 $6260$aParis :$bBerger-Levrault$9(OLS)http://pul/publisher/57129 996 $6260$aNancy :$bLibraires-Editeurs$9(OLS)http://pul/publisher/57521